[Event "Olomouc Chess Summer 2016-Open seniorù"]
[Site "Olomouc"]
[Date "2016.08.14"]
[Round "3.3"]
[White "Chrenko, Peter"]
[Black "Zdrazil, Bohumir"]
[Result "1-0"]
[WhiteElo "1818"]
[BlackElo "1934"]
[PlyCount "79"]
[EventDate "2016.08.13"]

1. Nf3 d5 2. g3 Nf6 3. Bg2 e6 4. O-O Be7 5. d3 O-O 6. Nbd2 c5 7. e4 Nc6 8. Re1
Re8 9. e5 Nd7 10. Nf1 Qc7 11. Bf4 Nf8 12. Qd2 Ng6 13. Bg5 Ncxe5 14. Nxe5 Nxe5
15. h4 Nc6 16. Nh2 Bxg5 17. hxg5 Bd7 18. a4 b6 19. b3 Rac8 20. c3 Ne7 21. Rec1
Bc6 22. d4 Bb7 23. Ng4 Ng6 24. Bh3 Rcd8 25. Re1 Bc8 26. Bg2 Bb7 27. Bf3 a5 28.
Kg2 c4 29. Rh1 cxb3 30. Nf6+ Kf8 31. Rxh7 Ke7 32. Rxg7 Rh8 33. Bh5 Kf8 34. Rh7
Rxh7 35. Nxh7+ Kg7 36. Nf6 Rb8 37. Re1 Bc8 38. Rh1 Bd7 39. Qe1 Qd6 40. Bxg6 1-0

[Event "Olomouc Chess Summer 2016-Open seniorù"]
[Site "Olomouc"]
[Date "2016.08.14"]
[Round "3.4"]
[White "Hagara, Vladimir"]
[Black "Fiala, Jiri"]
[Result "0-1"]
[WhiteElo "1849"]
[BlackElo "1893"]
[PlyCount "42"]
[EventDate "2016.08.13"]

1. d4 Nf6 2. c4 e6 3. Nc3 Bb4 4. Nf3 b6 5. Bg5 Bb7 6. e3 h6 7. Bh4 g5 8. Bg3
Ne4 9. Rc1 Bxc3+ 10. bxc3 d6 11. Bd3 Nd7 12. O-O Qe7 13. a4 a5 14. Qe2 O-O-O
15. Qc2 f5 16. Nd2 Nxd2 17. Qxd2 h5 18. h3 h4 19. Bh2 g4 20. Bf4 gxh3 21. g3 e5
0-1

[Event "Olomouc Chess Summer 2016-Open seniorù"]
[Site "Olomouc"]
[Date "2016.08.14"]
[Round "3.5"]
[White "Pokora, Lubomir"]
[Black "Lacha, Jan"]
[Result "1/2-1/2"]
[WhiteElo "1873"]
[BlackElo "1800"]
[PlyCount "26"]
[EventDate "2016.08.13"]

1. c4 e5 2. Nc3 d6 3. g3 Nc6 4. Bg2 f5 5. d3 Nf6 6. e3 Be7 7. Nge2 O-O 8. O-O
Be6 9. b3 d5 10. Bb2 dxc4 11. dxc4 Qe8 12. a3 a5 13. Qc2 Qh5 1/2-1/2